|
|
|
|
| LEADER |
00000nam a2200000 4500 |
| 003 |
SK-BrCVT |
| 005 |
20220618073236.0 |
| 006 |
ao e 000 0 |
| 008 |
120511s2011 xr o e 000 0cze#d |
| 035 |
|
|
|a CVTIDW0013157
|
| 040 |
|
|
|b slo
|c CVTISR
|a CVTISR
|e AACR2
|
| 041 |
0 |
|
|a cze
|
| 044 |
|
|
|a xr
|c CZ
|
| 080 |
|
|
|a 531.714
|2 2008
|
| 080 |
|
|
|a 621.311.6
|2 2008
|
| 080 |
|
|
|a 621.397
|2 2008
|
| 080 |
|
|
|a 621.337.2
|2 2008
|
| 110 |
2 |
|
|a Dinel (Zlín, Česko)
|4 mfr
|
| 245 |
1 |
0 |
|a Elektronické systémy pro měření výšky hladiny 2011
|
| 250 |
|
|
|a [1. vyd.]
|
| 260 |
3 |
|
|a [S.l.] :
|b [s.n.],
|c 2011
|
| 300 |
|
|
|a [20 s.] :
|b fotogr., obr. ;
|c 30 cm
|
| 653 |
1 |
|
|a snímač hladiny
|
| 653 |
1 |
|
|a meranie hladiny
|
| 653 |
1 |
|
|a zobrazovacia jednotka
|
| 653 |
1 |
|
|a napájací zdroj
|
| 653 |
1 |
|
|a merací prístroj
|
| 655 |
|
7 |
|a firemné prospekty
|2 SNKPH
|
| 852 |
|
|
|a CVTISR
|b 1
|
| 856 |
4 |
|
|u http://www.dinel.cz
|
| 910 |
|
|
|b F033429
|
| 959 |
|
|
|a 2901
|
| 959 |
|
|
|a 4502
|
| 959 |
|
|
|a 4905
|
| 959 |
|
|
|a 4512
|
| 974 |
|
|
|a agnesa.remenarova
|f Firemná literatúra
|
| 992 |
|
|
|a FFP
|
| 999 |
|
|
|c 184139
|d 184139
|